Undiscovered oil reserves in Illinois /

Bibliographic Details
Main Author: Leighton, Morris M. (Morris Morgan), 1887-1971
Other Authors: Folk, Stewart Huntley, 1915-
Format: Book
Language:English
Published: Urbana, Ill., [publisher not identified] ; 1944.
Series:Circular (Illinois State Geological Survey) ; 106.
Subjects:

MARC

Tag First Indicator Second Indicator Subfields
LEADER 00000cam a2200000 4500
001 in00000266521
005 20151010060359.0
008 790613r1944 ilua b s00010 eng d
010 |a a 45002340  
035 |a (OCoLC)05060936 
035 |9 ABD3051AM 
040 |a TXA  |c TXA  |d UtOrBLW 
049 |a TXAM  |c [286465] 
090 |a QE105  |b .A45 no. 106 
100 1 |a Leighton, Morris M.  |q (Morris Morgan),  |d 1887-1971. 
245 1 0 |a Undiscovered oil reserves in Illinois /  |c by M. M. Leighton. Lower Ordovician and Cambrian oil possibilities in Illinois, by Stewart Folk. 
264 1 |a Urbana, Ill.,  |b [publisher not identified] ;  |c 1944. 
300 |a 11 pages including illustrations, tab., diagrams 
336 |a text  |b txt  |2 rdacontent 
337 |a unmediated  |b n  |2 rdamedia 
338 |a volume  |b nc  |2 rdacarrier 
490 1 |a Illinois. State Geological Survey. Circular ;  |v no. 106 
500 |a At head of title: State of Illinois, Dept. of registration and education, Division of the State Geological Survey. 
500 |a First article reprinted from the Oil weekly, March 13, 1944; second article reprinted from the Oil weekly, March 20, 1944. 
504 |a "References": page 11. 
650 0 |a Petroleum  |z Illinois. 
650 0 |a Petroleum  |x Geology. 
700 1 2 |a Folk, Stewart Huntley,  |d 1915-  |t Lower Ordovician and Cambrian oil possibilities in Illinois. 
740 0 |a Oil reserves in Illinois. 
830 0 |a Circular (Illinois State Geological Survey) ;  |v 106. 
999 |a MARS 
999 f f |s 1c9cea38-32c3-3304-8d78-90048100adc9  |i 7abecdfb-cf46-397c-8799-912365a6861c  |t 0 
952 f f |a Texas A&M University  |b College Station  |c Sterling C. Evans Library  |s Evans stk  |d Evans: Library Stacks  |t 0  |e QE105 .A45 no. 102-150  |h Library of Congress classification 
998 f f |a QE105 .A45 no. 102-150  |t 0  |l Evans: Library Stacks